000
00308nam a22001097a 4500
008
151012b xxu||||| |||| 00| 0 eng d
020
_a
0582644437.
082
_a
307.14 CHA
100
_a
CHAMBERS ROBERT.
245
_a
RURAL DEVELOPMENT:
_b
PUTTING THE LAST FIRST
260
_a
LONDON:
_b
LONGMAN GROUP LIMITED,
_c
1983.
999
_c
3453
_d
3453